| 000 | 01304nam a22003857a 4500 | ||
|---|---|---|---|
| 003 | DO-SdBPM | ||
| 005 | 20260525113408.0 | ||
| 007 | ta | ||
| 008 | 1607181998 sp a spa d | ||
| 020 |
_a8439289340 _c |
||
| 040 |
_aDO-SdBPM _bspa _cBPMSU _erda _d |
||
| 082 | 0 | 4 |
_a372.21 _bC236j 1998 _222 |
| 100 | 1 |
_aCapdevila Blanco, Francisco _d1926-1995 _eautor _4aut. |
|
| 245 | 1 | 0 |
_a Jugando sin juguetes / _cFrancisco Capdevila Blanco ; asesores pedagógicos Juan Carlos Carrascosa Calpena, Agustín Berrueta Jiménez |
| 250 | _a4a. ed. | ||
| 260 | _c | ||
| 264 |
_aMadrid : _bEdiciones Gaviota, _c1998 |
||
| 300 |
_a[24] páginas : _bilustraciones ; _c21 cm. |
||
| 336 |
_atexto _btxt _2rdacontent |
||
| 337 |
_asin mediación _bn _2rdamedia |
||
| 338 |
_avolumen _bnc _2rdacarrier |
||
| 490 | 0 |
_aNene, Nena y Guau, _v17 |
|
| 500 | _aHasta los 6 años | ||
| 521 | _aA partir de 6 años. | ||
| 590 | _aInventariado, 2026/VM | ||
| 650 | 7 | _aEducación preescolar | |
| 650 | 7 | _a Jardines infantiles | |
| 650 | 7 | _aDidáctica pedagógica | |
| 650 | 7 | _a Psicología educativa | |
| 650 | 7 | _aLiteratura infantil | |
| 700 | 1 |
_aCarrascosa Calpena, Juan Carlos _e asesor |
|
| 700 | 1 |
_aBerrueta Jiménez, Agustín _easesor |
|
| 910 | _aVMateo V. Control de calidad. BPMSU | ||
| 942 |
_2ddc _cBK |
||
| 999 |
_c15882 _d15882 |
||